It looks like you're offline.
Open Library logo
additional options menu

MARC record from Internet Archive

LEADER: 01031nam a22003374a 4500
001 004088494
003 MiU
005 20000530000000.0
008 000530s2000 mdu b 001 0 eng
010 $a99043543
020 $a0801862094$q(alk. paper)
035 $a(OCoLC)ocm42022415
035 $a(III)iiio32682657
040 $aDLC$cDLC$dEYM
042 $apcc
043 $ae-uk---
050 00 $aKD671$b.T83 2000
082 00 $a340.5/7/0941$221
100 1 $aTubbs, J. W.$q(James W.)
245 14 $aThe common law mind :$bmedieval and early modern conceptions /$cJ.W. Tubbs.
260 $aBaltimore, Md. :$bJohns Hopkins University Press,$cc2000.
300 $axiii, 253 p. ;$c24 cm.
504 $aIncludes bibliographical references (p. 237-247) and index.
650 0 $aCommon law$zGreat Britain$xHistory.
852 0 $aMiU$bHATCH$cGRAD$hKD 671 .T831 2000$xiiio32682657
970 $aBK$bBook
971 $aMiU
972 $c20040625
973 $aAC$bavail_circ
974 $a39015048547866$bHATCH$cGRAD$f01
998 $caut6